|
|
|
|
| LEADER |
00000nab a2200000 a 4500 |
| 001 |
vtls010094357 |
| 003 |
SK-MaSNL |
| 005 |
20260303183724.0 |
| 008 |
100512c20100301xo dr| 0 0slo |
| 038 |
|
|
|a RVGKPD
|
| 040 |
|
|
|a RVGKPD
|b slo
|c RVGKPD
|e AACR2
|
| 041 |
|
|
|a slo
|
| 044 |
|
|
|a xo
|c SK
|
| 080 |
|
|
|a 352.9
|2 1997
|
| 080 |
|
|
|a 329.14
|x (437.6)
|2 1997
|
| 100 |
1 |
|
|a Krausová, Stela
|4 aut
|4 ivr
|9 268152
|
| 245 |
1 |
0 |
|a Primátor: Koalícia ma už nevolá na stretnutia
|b komunikačné problémy má aj s Babičom
|c Stela Krausová
|
| 300 |
|
|
|b Fotogr.
|
| 600 |
1 |
7 |
|a Laciak, Vladislav,
|d 1954-
|2 rvgkpd
|9 1034769
|
| 610 |
1 |
7 |
|a Rožňava (Slovensko).
|b Mestský úrad
|2 rvgkpd
|9 161105
|
| 610 |
2 |
7 |
|a Smer - sociálna demokracia (politická strana)
|2 rvgkpd
|9 87774
|
| 651 |
|
7 |
|a Rožňava (Slovensko)
|2 rvgkpd
|9 17394
|
| 655 |
|
7 |
|a rozhovory
|2 rvgkpd
|9 31831
|
| 700 |
1 |
|
|a Laciak, Vladislav,
|d 1954-
|4 aut
|4 ive
|9 1034769
|
| 773 |
0 |
|
|t Gemerský korzár
|g Roč. XII, č. 49 (1.3.2010), s. 1, 2
|x 1335-7581
|
| 852 |
|
|
|a RVGKPD
|b KIS3G
|
| 992 |
|
|
|a RBX
|
| 999 |
|
|
|c 2122621
|d 2124551
|